[Event "FIDE Open World Blitz 2021"]
[Site "Warsaw"]
[Date "2021.12.30"]
[Round "13.39"]
[White "Tang, Andrew"]
[Black "Puranik, Abhimanyu"]
[Result "1-0"]
[WhiteElo "2588"]
[BlackElo "2604"]
[Annotator "ChessBase"]
[PlyCount "89"]
[EventDate "2021.12.29"]
[EventType "swiss"]
[EventCountry "POL"]
[Tiebreak "Cut1 Buchholz"]
[SourceTitle "playchess.com"]
[Source "ChessBase"]
[SourceQuality "1"]

1. d4 Nf6 2. Nf3 g6 3. Bf4 Bg7 4. e3 d6 5. h3 O-O 6. Be2 Nfd7 7. O-O e5 8. Bh2
Nc6 9. dxe5 Ndxe5 10. c3 Nxf3+ 11. Bxf3 Ne5 12. Be2 Qe7 13. Nd2 f5 14. Nf3 Be6
15. Re1 Kh8 16. Qd2 g5 17. Nd4 Bg8 18. f4 Ng6 19. Bd3 Nh4 20. Bg3 Be6 21. fxg5
Ng6 22. Bf4 Bd7 23. Qc2 Qf7 24. Rf1 Rae8 25. Qf2 Ne5 26. Bc2 c5 27. Nf3 Bc6 28.
Nh4 Qd7 29. Rad1 Qe6 30. Bb1 Nc4 31. Rfe1 b5 32. Re2 a5 33. Qg3 Ne5 34. g6 hxg6
35. Bxe5 Bxe5 36. Nxg6+ Kh7 37. Nxf8+ Rxf8 38. Qh4+ Kg8 39. Qg5+ Kh8 40. Rf1
Rg8 41. Qh5+ Kg7 42. Rff2 f4 43. Rxf4 Bf6 44. Rf5 Rf8 45. Ref2 1-0

[Event "FIDE Open World Blitz 2021"]
[Site "Warsaw"]
[Date "2021.12.30"]
[Round "13.40"]
[White "Jumabayev, Rinat"]
[Black "Mastrovasilis, Dimitrios"]
[Result "0-1"]
[WhiteElo "2658"]
[BlackElo "2577"]
[Annotator "ChessBase"]
[PlyCount "52"]
[EventDate "2021.12.29"]
[EventType "swiss"]
[EventCountry "POL"]
[Tiebreak "Cut1 Buchholz"]
[SourceTitle "playchess.com"]
[Source "ChessBase"]
[SourceQuality "1"]

1. d4 d5 2. c4 e6 3. Nf3 Nf6 4. Nc3 c5 5. cxd5 Nxd5 6. e3 cxd4 7. exd4 Nxc3 8.
bxc3 Qc7 9. Rb1 Nd7 10. c4 b6 11. Bd3 Bb7 12. O-O Bd6 13. Re1 O-O 14. h3 h6 15.
Bb2 Rad8 16. Rc1 Rfe8 17. Bb1 Nf8 18. Qe2 Bf4 19. Rcd1 Rc8 20. Bd3 Ba6 21. g3
Bd6 22. Rc1 Bb7 23. c5 bxc5 24. dxc5 Bxc5 25. Ne5 f6 26. Ng4 Qxg3+ 0-1

[Event "FIDE Open World Blitz 2021"]
[Site "Warsaw"]
[Date "2021.12.30"]
[Round "13.41"]
[White "Sadhwani, Raunak"]
[Black "Kadric, Denis"]
[Result "1-0"]
[WhiteElo "2562"]
[BlackElo "2566"]
[Annotator "ChessBase"]
[PlyCount "67"]
[EventDate "2021.12.29"]
[EventType "swiss"]
[EventCountry "POL"]
[Tiebreak "Cut1 Buchholz"]
[SourceTitle "playchess.com"]
[Source "ChessBase"]
[SourceQuality "1"]

1. e4 g6 2. d4 d6 3. Nc3 a6 4. Be3 Bg7 5. Qd2 b5 6. f3 Bb7 7. h4 h5 8. Nh3 Nd7
9. Ng5 e6 10. g3 Ngf6 11. Bg2 Qe7 12. O-O-O Nb6 13. b3 d5 14. e5 Nfd7 15. g4
Bc6 16. gxh5 Rxh5 17. f4 Rb8 18. Kb1 Qa3 19. Qc1 Qa5 20. Ne2 Bf8 21. Bd2 b4 22.
Bf3 Qb5 23. Ng3 a5 24. Nxh5 gxh5 25. Bxh5 Nc4 26. Bxf7+ Ke7 27. Bxe6 Ndb6 28.
f5 a4 29. f6+ Ke8 30. Nf3 axb3 31. cxb3 Na3+ 32. Ka1 Ra8 33. Bg5 Be7 34. f7+
1-0

[Event "FIDE Open World Blitz 2021"]
[Site "Warsaw"]
[Date "2021.12.30"]
[Round "13.42"]
[White "Jobava, Baadur"]
[Black "Klekowski, Maciej"]
[Result "1-0"]
[WhiteElo "2582"]
[BlackElo "2499"]
[Annotator "ChessBase"]
[PlyCount "45"]
[EventDate "2021.12.29"]
[EventType "swiss"]
[EventCountry "POL"]
[Tiebreak "Cut1 Buchholz"]
[SourceTitle "playchess.com"]
[Source "ChessBase"]
[SourceQuality "1"]

1. g4 d5 2. Bg2 c6 3. g5 e5 4. d4 exd4 5. Qxd4 Be6 6. Nf3 Ne7 7. Bf4 c5 8. Qd2
Nbc6 9. Nc3 d4 10. Ne4 Nd5 11. Bg3 Be7 12. h4 Qb6 13. O-O Rd8 14. c4 dxc3 15.
bxc3 O-O 16. Rab1 Qa6 17. Qc2 Nb6 18. h5 Rd7 19. g6 f6 20. gxh7+ Kh8 21. Nh4
Qxa2 22. Ng6+ Kxh7 23. Nxf8+ 1-0

[Event "FIDE Open World Blitz 2021"]
[Site "Warsaw"]
[Date "2021.12.30"]
[Round "13.43"]
[White "Saraci, Nderim"]
[Black "Paravyan, David"]
[Result "1/2-1/2"]
[WhiteElo "2486"]
[BlackElo "2642"]
[Annotator "ChessBase"]
[PlyCount "187"]
[EventDate "2021.12.29"]
[EventType "swiss"]
[EventCountry "POL"]
[Tiebreak "Cut1 Buchholz"]
[SourceTitle "playchess.com"]
[Source "ChessBase"]
[SourceQuality "1"]

1. Nf3 Nf6 2. b3 d6 3. d4 a5 4. a3 g6 5. Bb2 Bg7 6. e3 O-O 7. Be2 c6 8. c4 Bf5
9. Nc3 Ne4 10. O-O Nxc3 11. Bxc3 Nd7 12. Rc1 Nf6 13. h3 Qb8 14. a4 Qc7 15. Bd3
Qd7 16. Qe2 Be4 17. Rfd1 Rfc8 18. Nd2 Bxd3 19. Qxd3 d5 20. cxd5 cxd5 21. Bb2 e6
22. Nb1 Ne4 23. Nc3 Nxc3 24. Rxc3 Rxc3 25. Bxc3 Bf8 26. Bb2 Rc8 27. Rc1 Rc6 28.
Rxc6 Qxc6 29. Bc3 Qc7 30. Bd2 Kg7 31. Qc3 Qb6 32. Qc2 h5 33. h4 Be7 34. g3 Bd8
35. Qd3 Qc6 36. Qc3 Qd7 37. Qd3 Kf8 38. e4 Bb6 39. e5 Ke8 40. Bg5 Qc6 41. Kg2
Ba7 42. Bd2 Qb6 43. Be3 Qb4 44. Kf1 Kd7 45. f3 Bb6 46. g4 Qe7 47. Bg5 Qb4 48.
Be3 Kc8 49. gxh5 gxh5 50. Ke2 Kb8 51. Kf2 Qe7 52. Kg3 Qa3 53. Qb5 Ka7 54. Qd3
Qb2 55. Bf2 Qc1 56. Be3 Qe1+ 57. Bf2 Qc1 58. Be3 Qh1 59. Qe2 Bd8 60. Bg5 Qg1+
61. Qg2 Qe1+ 62. Qf2 Qxf2+ 63. Kxf2 Bb6 64. Ke3 Kb8 65. Be7 Kc8 66. Ba3 Bd8 67.
Bb2 Bxh4 68. Bc3 Bd8 69. Kf4 Kd7 70. Kg3 b6 71. b4 axb4 72. Bxb4 Ke8 73. f4 Kd7
74. Kf3 Kc6 75. f5 Kb7 76. Kf4 Ka6 77. f6 b5 78. axb5+ Kxb5 79. Bc5 Bc7 80. Ba7
Ka6 81. Bc5 Kb5 82. Ba7 Kc4 83. Kg5 Ba5 84. Kxh5 Bc3 85. Kh6 Bxd4 86. Bxd4 Kxd4
87. Kg7 Kxe5 88. Kxf7 d4 89. Ke7 d3 90. f7 d2 91. f8=Q d1=Q 92. Qf6+ Ke4 93.
Qg6+ Kd4 94. Qxe6 1/2-1/2

[Event "FIDE Open World Blitz 2021"]
[Site "Warsaw"]
[Date "2021.12.30"]
[Round "13.44"]
[White "Tazbir, Marcin"]
[Black "Movsesian, Sergei"]
[Result "1-0"]
[WhiteElo "2508"]
[BlackElo "2615"]
[Annotator "ChessBase"]
[PlyCount "135"]
[EventDate "2021.12.29"]
[EventType "swiss"]
[EventCountry "POL"]
[Tiebreak "Cut1 Buchholz"]
[SourceTitle "playchess.com"]
[Source "ChessBase"]
[SourceQuality "1"]

1. c4 Nf6 2. g3 c6 3. Bg2 d5 4. Qc2 g6 5. Nf3 Bg7 6. O-O O-O 7. b3 a5 8. Bb2
Na6 9. a3 Bf5 10. d3 Rc8 11. Nbd2 b5 12. Rad1 a4 13. e4 axb3 14. Qxb3 bxc4 15.
Qa2 Be6 16. dxc4 Qa5 17. cxd5 cxd5 18. Nd4 Bg4 19. f3 Bd7 20. e5 Nh5 21. f4 Ba4
22. N2b3 Qb6 23. Ba1 e6 24. Rb1 Qa7 25. Qf2 Bh6 26. Rbc1 Qe7 27. Bb2 Ng7 28. g4
Rxc1 29. Bxc1 Ne8 30. Nd2 Bg7 31. N2f3 Nc5 32. Qe2 Ne4 33. Nd2 Qc5 34. Qe3 Nc3
35. Bb2 Nb5 36. Rc1 Qa7 37. Nf1 Nbc7 38. Nc6 Qa6 39. Nb4 Qa8 40. Ng3 Bb5 41. f5
exf5 42. gxf5 Qd8 43. f6 Bh8 44. Rd1 Qc8 45. Bd4 Qe6 46. Bc5 Ba4 47. Rd2 h5 48.
Nxd5 h4 49. Ne7+ Kh7 50. Ne4 Qxe5 51. Ng5+ Qxg5 52. Qxg5 Bxf6 53. Qf4 Ne6 54.
Qxa4 Nxc5 55. Qa7 Nb3 56. Rd3 Nc1 57. Rd1 Ne2+ 58. Kh1 Nc3 59. Rf1 Kg7 60. Nd5
Nxd5 61. Bxd5 Nd6 62. Qd7 Be5 63. a4 h3 64. a5 Kh6 65. Qxh3+ Kg7 66. Qd7 Rh8
67. Rxf7+ Nxf7 68. Qxf7+ 1-0

[Event "FIDE Open World Blitz 2021"]
[Site "Warsaw"]
[Date "2021.12.30"]
[Round "13.45"]
[White "Suleymanli, Aydin"]
[Black "Vokhidov, Shamsiddin"]
[Result "0-1"]
[WhiteElo "2541"]
[BlackElo "2613"]
[Annotator "ChessBase"]
[PlyCount "120"]
[EventDate "2021.12.29"]
[EventType "swiss"]
[EventCountry "POL"]
[Tiebreak "Cut1 Buchholz"]
[SourceTitle "playchess.com"]
[Source "ChessBase"]
[SourceQuality "1"]

1. d4 Nf6 2. c4 e6 3. Nc3 Bb4 4. e3 O-O 5. Nge2 d5 6. a3 Be7 7. cxd5 exd5 8.
Nf4 a5 9. Bd3 Re8 10. O-O b6 11. Re1 Bb7 12. Qf3 Bf8 13. Qh3 g6 14. f3 c5 15.
Bd2 Nc6 16. Nfe2 c4 17. Bc2 Ba6 18. Ba4 Rc8 19. Rad1 Re7 20. e4 dxe4 21. Bg5
Bg7 22. fxe4 h6 23. Bxf6 Bxf6 24. e5 Bg7 25. Rf1 Na7 26. Nf4 Bb7 27. Bc2 Qe8
28. e6 f5 29. d5 Rd8 30. Rfe1 Nc8 31. g4 g5 32. Nh5 f4 33. Ba4 Qf8 34. Qf3 Nd6
35. Nb5 Bxb2 36. Nxd6 Rxd6 37. Qe4 Rexe6 38. Qxc4 Rxe1+ 39. Rxe1 Rxd5 40. Bb3
Kh8 41. Qc7 Bd4+ 42. Kf1 Ba6+ 43. Kg2 Rc5 44. Qd7 f3+ 45. Kh3 f2 46. Qxd4+ Kh7
47. Qd7+ Kh8 48. Qd4+ Kh7 49. Qe4+ Kh8 50. Qd4+ Kh7 51. Nf6+ Kg6 52. Qe4+ Kxf6
53. Qd4+ Kg6 54. Re6+ Kh7 55. Qe4+ Kh8 56. Qd4+ Kh7 57. Qe4+ Rf5 58. Re7+ Kh8
59. Qd4+ Rf6 60. Rf7 f1=Q+ 0-1

[Event "FIDE Open World Blitz 2021"]
[Site "Warsaw"]
[Date "2021.12.30"]
[Round "13.46"]
[White "Santos Latasa, Jaime"]
[Black "Dvirnyy, Danyyil"]
[Result "1-0"]
[WhiteElo "2561"]
[BlackElo "2493"]
[Annotator "ChessBase"]
[PlyCount "93"]
[EventDate "2021.12.29"]
[EventType "swiss"]
[EventCountry "POL"]
[Tiebreak "Cut1 Buchholz"]
[SourceTitle "playchess.com"]
[Source "ChessBase"]
[SourceQuality "1"]

1. Nf3 d5 2. e3 Nf6 3. c4 c6 4. Nc3 e6 5. d4 Nbd7 6. Qc2 Bd6 7. Be2 O-O 8. O-O
Re8 9. Rd1 Qe7 10. h3 b6 11. e4 Nxe4 12. Nxe4 dxe4 13. Qxe4 Bb7 14. Bg5 Qf8 15.
Bf4 Nf6 16. Bxd6 Nxe4 17. Bxf8 Kxf8 18. Ne5 f6 19. Ng4 Red8 20. Ne3 c5 21. Nc2
Rd7 22. dxc5 Nxc5 23. b4 Rxd1+ 24. Rxd1 Na4 25. Rd7 Bc6 26. Rc7 Nc3 27. Bg4 Be8
28. Nd4 Bf7 29. Bxe6 Ne2+ 30. Kf1 Nxd4 31. Rxf7+ Ke8 32. Bd5 Rd8 33. Rxg7 Rd6
34. Rxa7 b5 35. Rxh7 bxc4 36. Bxc4 Rc6 37. Bf7+ Kf8 38. g3 Rc2 39. a4 Rb2 40.
b5 Nf5 41. Bd5 Nd6 42. Rd7 Nf5 43. Be4 Ne7 44. a5 Rxb5 45. a6 Ra5 46. a7 Ke8
47. Rxe7+ 1-0

[Event "FIDE Open World Blitz 2021"]
[Site "Warsaw"]
[Date "2021.12.30"]
[Round "13.47"]
[White "Volokitin, Andrei"]
[Black "Kantor, Gergely"]
[Result "0-1"]
[WhiteElo "2656"]
[BlackElo "2566"]
[Annotator "ChessBase"]
[PlyCount "101"]
[EventDate "2021.12.29"]
[EventType "swiss"]
[EventCountry "POL"]
[Tiebreak "Cut1 Buchholz"]
[SourceTitle "playchess.com"]
[Source "ChessBase"]
[SourceQuality "1"]

1. e4 e5 2. Nf3 Nc6 3. Bc4 Nf6 4. d3 Bc5 5. O-O d6 6. c3 a5 7. Re1 O-O 8. h3
Ba7 9. Nbd2 Be6 10. Bb5 Ne7 11. d4 Ng6 12. Nf1 exd4 13. cxd4 d5 14. e5 Ne4 15.
Ng3 Nxg3 16. fxg3 c5 17. Be3 c4 18. a4 Rc8 19. Ra3 Bf5 20. Bf2 Qe7 21. g4 Bd3
22. Be3 f6 23. exf6 Qxf6 24. Kh1 Bb8 25. Rxd3 cxd3 26. Qxd3 Nf4 27. Qd1 Nxh3
28. Bd7 Rcd8 29. g5 Qd6 30. Bxh3 Rxf3 31. Bg1 Rxh3+ 32. gxh3 Qg3 33. Re3 Qxg5
34. Qe2 Qg6 35. Re6 Qf7 36. Re7 Qf8 37. Rxb7 Re8 38. Qg2 Kh8 39. Qxd5 Qf4 40.
Qg2 Qf6 41. d5 Be5 42. Rb6 Qf5 43. Re6 Rxe6 44. dxe6 Qxe6 45. Qa8+ Qg8 46. Qxa5
Bxb2 47. Kg2 h6 48. Qb5 Qa8+ 49. Kf1 Qf3+ 50. Bf2 Bd4 51. Qb8+ 0-1

[Event "FIDE Open World Blitz 2021"]
[Site "Warsaw"]
[Date "2021.12.30"]
[Round "13.48"]
[White "Blohberger, Felix"]
[Black "Chigaev, Maksim"]
[Result "1/2-1/2"]
[WhiteElo "2490"]
[BlackElo "2626"]
[Annotator "ChessBase"]
[PlyCount "144"]
[EventDate "2021.12.29"]
[EventType "swiss"]
[EventCountry "POL"]
[Tiebreak "Cut1 Buchholz"]
[SourceTitle "playchess.com"]
[Source "ChessBase"]
[SourceQuality "1"]

1. d4 Nf6 2. Nf3 g6 3. Nc3 Bg7 4. e4 d6 5. Bg5 c6 6. Qd2 O-O 7. Bh6 b5 8. Bd3
Bg4 9. h4 Bxf3 10. gxf3 Nh5 11. Ne2 e5 12. Bxg7 Kxg7 13. f4 exd4 14. Ng3 Nxg3
15. fxg3 Nd7 16. h5 Nf6 17. O-O-O h6 18. g4 Rh8 19. Rdg1 Qe7 20. hxg6 fxg6 21.
e5 dxe5 22. fxe5 Nd5 23. Re1 Qg5 24. Re4 c5 25. Bxb5 Rab8 26. Qxg5 hxg5 27.
Rxh8 Rxh8 28. Bc6 Ne7 29. Bb7 Rh1+ 30. Kd2 Rh2+ 31. Kd3 Rf2 32. a4 Kf7 33. Ba6
Ke6 34. Bc4+ Kd7 35. a5 Kc6 36. e6 Kd6 37. c3 dxc3 38. bxc3 Nc6 39. Bb5 Ne7 40.
Bc4 Rf3+ 41. Kc2 Rf8 42. Re2 Rf4 43. Rd2+ Ke5 44. Kb3 Kf6 45. Rd7 Rxg4 46. Rxa7
Rg1 47. Ra8 g4 48. a6 Ra1 49. a7 Kg5 50. Kb2 Ra5 51. Bf1 g3 52. Bg2 c4 53. Rd8
Rxa7 54. Rd7 Ra5 55. Rxe7 Re5 56. Ka3 Re2 57. Bd5 g2 58. Bxg2 Rxg2 59. Rc7 Re2
60. Rc5+ Kf6 61. Rxc4 Rxe6 62. Kb4 g5 63. Rc8 g4 64. Rf8+ Kg5 65. c4 g3 66. Rf1
Rg6 67. c5 g2 68. Rg1 Kf4 69. Kb5 Kf3 70. c6 Rxc6 71. Kxc6 Kf2 72. Rxg2+ Kxg2
1/2-1/2

[Event "FIDE Open World Blitz 2021"]
[Site "Warsaw"]
[Date "2021.12.30"]
[Round "13.49"]
[White "Czarnota, Pawel"]
[Black "Teclaf, Pawel"]
[Result "1-0"]
[WhiteElo "2502"]
[BlackElo "2543"]
[Annotator "ChessBase"]
[PlyCount "63"]
[EventDate "2021.12.29"]
[EventType "swiss"]
[EventCountry "POL"]
[Tiebreak "Cut1 Buchholz"]
[SourceTitle "playchess.com"]
[Source "ChessBase"]
[SourceQuality "1"]

1. e4 c5 2. Nf3 e6 3. d4 cxd4 4. Nxd4 a6 5. Bd3 Nf6 6. O-O d6 7. Qe2 Qc7 8. f4
Nbd7 9. c4 g6 10. f5 gxf5 11. exf5 e5 12. Ne6 fxe6 13. fxe6 Be7 14. exd7+ Bxd7
15. Nc3 Be6 16. Nd5 Bxd5 17. cxd5 O-O-O 18. Be3 Kb8 19. Rac1 Qa5 20. b4 Qxd5
21. b5 axb5 22. Bxb5 Rc8 23. Rcd1 Qe6 24. Rb1 d5 25. Ba6 Rc7 26. Bxb7 Rxb7 27.
Rxb7+ Kxb7 28. Qb5+ Ka8 29. Qa5+ Kb7 30. Rb1+ Kc8 31. Qa8+ Kd7 32. Rb7+ 1-0

[Event "FIDE Open World Blitz 2021"]
[Site "Warsaw"]
[Date "2021.12.30"]
[Round "13.50"]
[White "Peng, Li Min"]
[Black "Sargsyan, Shant"]
[Result "0-1"]
[WhiteElo "2412"]
[BlackElo "2628"]
[Annotator "ChessBase"]
[PlyCount "68"]
[EventDate "2021.12.29"]
[EventType "swiss"]
[EventCountry "POL"]
[Tiebreak "Cut1 Buchholz"]
[SourceTitle "playchess.com"]
[Source "ChessBase"]
[SourceQuality "1"]

1. d4 Nf6 2. c4 e6 3. Nc3 Bb4 4. e3 O-O 5. Bd2 c5 6. a3 Bxc3 7. Bxc3 Ne4 8. Rc1
d6 9. Nf3 Nc6 10. Bd3 Nxc3 11. Rxc3 Qe7 12. O-O e5 13. dxe5 dxe5 14. Be4 Bg4
15. h3 Bh5 16. Qc2 Bg6 17. Rd1 Bxe4 18. Qxe4 f5 19. Qd5+ Kh8 20. Qd2 e4 21. Ne1
Rad8 22. Qe2 Rxd1 23. Qxd1 Rd8 24. Qe2 Ne5 25. Rc2 Qd6 26. f4 Nd3 27. Qd1 Qe6
28. Rc3 Qd7 29. Rc2 Qa4 30. Nxd3 exd3 31. Rc1 d2 32. Rb1 Qxc4 33. Kf2 Qd3 34.
b3 Qxb1 0-1

[Event "FIDE Open World Blitz 2021"]
[Site "Warsaw"]
[Date "2021.12.30"]
[Round "13.51"]
[White "Mitrabha, Guha"]
[Black "Anton Guijarro, David"]
[Result "0-1"]
[WhiteElo "2370"]
[BlackElo "2669"]
[Annotator "ChessBase"]
[PlyCount "74"]
[EventDate "2021.12.29"]
[EventType "swiss"]
[EventCountry "POL"]
[Tiebreak "Cut1 Buchholz"]
[SourceTitle "playchess.com"]
[Source "ChessBase"]
[SourceQuality "1"]

1. d4 d6 2. Nf3 Nf6 3. g3 b5 4. Bg2 Bb7 5. O-O Nbd7 6. b3 g6 7. c4 a6 8. Nc3 b4
9. Nb1 Bg7 10. Bb2 O-O 11. Nbd2 c5 12. d5 e6 13. e4 Re8 14. Qc2 a5 15. a4 Nh5
16. Bxg7 Nxg7 17. dxe6 Nxe6 18. Rfe1 Ne5 19. Rad1 Nc6 20. Qb2 Qc7 21. h4 Ne5
22. Re3 Re7 23. Bh3 Rae8 24. h5 gxh5 25. Nxe5 dxe5 26. Bxe6 Rxe6 27. Nf3 Rd8
28. Qc2 Rd4 29. Rde1 Qe7 30. Qe2 Rg6 31. Kh2 Rg4 32. Nd2 Kh8 33. f3 Rg6 34. Nf1
Rgd6 35. Qf2 Qf6 36. R1e2 Rd1 37. Rd2 Rxf1 0-1

[Event "FIDE Open World Blitz 2021"]
[Site "Warsaw"]
[Date "2021.12.30"]
[Round "13.52"]
[White "Yuffa, Daniil"]
[Black "Ghaem Maghami, Ehsan"]
[Result "1-0"]
[WhiteElo "2567"]
[BlackElo "2520"]
[Annotator "ChessBase"]
[PlyCount "119"]
[EventDate "2021.12.29"]
[EventType "swiss"]
[EventCountry "POL"]
[Tiebreak "Cut1 Buchholz"]
[SourceTitle "playchess.com"]
[Source "ChessBase"]
[SourceQuality "1"]

1. d4 Nf6 2. c4 e6 3. g3 Bb4+ 4. Bd2 Bxd2+ 5. Qxd2 d5 6. Bg2 c6 7. Nf3 Nbd7 8.
O-O dxc4 9. Qc2 b5 10. b3 cxb3 11. axb3 Bb7 12. e4 O-O 13. e5 Nd5 14. Nbd2 c5
15. dxc5 Qc7 16. Rfc1 Nxe5 17. Nxe5 Qxe5 18. Nf3 Qf6 19. Qe2 a6 20. Ne5 Rfd8
21. c6 Bc8 22. c7 Rd6 23. f4 Qe7 24. Rc5 Ra7 25. Nc6 Qxc7 26. Rac1 Nf6 27. Nxa7
Qxa7 28. Kh1 Bd7 29. Rc8+ Ne8 30. Ra8 Qd4 31. Qc2 g6 32. Bf3 Kg7 33. Qc3 Qxc3
34. Rxc3 Nf6 35. Rc2 Rd3 36. Kg2 Rxf3 37. Kxf3 Nd5 38. Ra7 Be8 39. Rc8 Nf6 40.
Rxa6 b4 41. Rb6 Nd5 42. Rbb8 Bd7 43. Rd8 Bc6 44. Kf2 Nc3 45. Rxb4 Nd5 46. Rd4
Kf6 47. Rb8 Ke7 48. Rd2 Kd6 49. b4 Kc7 50. Rf8 f5 51. Rf7+ Kb6 52. Rxh7 Nf6 53.
Rg7 Ne4+ 54. Ke3 Be8 55. Re7 Ba4 56. Rxe6+ Kb5 57. Rd5+ Kxb4 58. Rd4+ Ka5 59.
Rxa4+ Kxa4 60. Rxe4+ 1-0

[Event "FIDE Open World Blitz 2021"]
[Site "Warsaw"]
[Date "2021.12.30"]
[Round "14.1"]
[White "Martirosyan, Haik M."]
[Black "Carlsen, Magnus"]
[Result "1/2-1/2"]
[WhiteElo "2624"]
[BlackElo "2855"]
[Annotator "TA"]
[PlyCount "129"]
[EventDate "2021.12.29"]
[EventType "swiss"]
[EventCountry "POL"]
[Tiebreak "Cut1 Buchholz"]
[SourceTitle "playchess.com"]
[Source "ChessBase"]
[SourceQuality "1"]

1. d4 d5 2. c4 e6 3. Nf3 Nf6 4. Nc3 c6 5. Bg5 Nbd7 6. cxd5 exd5 7. Qc2 h6 8.
Bh4 Be7 9. e3 Nh5 10. Bxe7 Qxe7 11. O-O-O Nb6 12. Bd3 Be6 13. Kb1 Nf6 14. h3
O-O-O 15. Rc1 Kb8 16. Nd2 Nfd7 17. Na4 Nxa4 18. Qxa4 Qf6 19. Nf3 Bf5 20. Bxf5
Qxf5+ 21. Qc2 Qxc2+ 22. Kxc2 Nf6 23. Ne5 Rhf8 24. f3 Ne8 25. Kd2 Nd6 26. b3
Rfe8 27. g4 Re6 28. h4 Rde8 29. Rce1 Kc7 30. Nd3 a5 31. a4 R6e7 32. Nf4 g6 33.
Nd3 f6 34. Nf4 Rg8 35. Rc1 Kb6 36. Rc5 Rf7 37. Rc3 Rff8 38. Ke2 g5 39. hxg5
hxg5 40. Nd3 Rh8 41. Rcc1 f5 42. Ne5 Rfg8 43. Kf2 fxg4 44. Nxg4 Nf5 45. Nf6 Rd8
46. Nd7+ Kc7 47. Ne5 Rh4 48. Ng6 Rxh1 49. Rxh1 Rg8 50. Ne5 Rg7 51. Rh5 Nd6 52.
Kg3 Nf5+ 53. Kf2 Nd6 54. Rh6 b6 55. Rh8 c5 56. dxc5 bxc5 57. Ra8 Nb7 58. Ra6
Re7 59. Rc6+ Kb8 60. Nd3 Rc7 61. Rxc7 Kxc7 62. f4 c4 63. bxc4 dxc4 64. Ne5 gxf4
65. Nxc4 1/2-1/2

[Event "FIDE Open World Blitz 2021"]
[Site "Warsaw"]
[Date "2021.12.30"]
[Round "14.1"]
[White "Van Foreest, Lucas"]
[Black "Tari, Aryan"]
[Result "0-1"]
[WhiteElo "2532"]
[BlackElo "2649"]
[Annotator "ChessBase"]
[PlyCount "74"]
[EventDate "2021.12.29"]
[EventType "swiss"]
[EventCountry "POL"]
[Tiebreak "Cut1 Buchholz"]
[SourceTitle "playchess.com"]
[Source "ChessBase"]
[SourceQuality "1"]

1. e4 e5 2. Nf3 Nc6 3. d4 exd4 4. Bc4 Nf6 5. e5 Ne4 6. Qe2 Nc5 7. O-O Be7 8.
Rd1 Ne6 9. Bxe6 dxe6 10. c3 b6 11. Nxd4 Nxd4 12. Rxd4 Bd7 13. Qg4 g6 14. Bh6 c5
15. Rf4 Qc7 16. Nd2 Qxe5 17. Qf3 Qd5 18. Ne4 f5 19. Ng5 Qxf3 20. Rxf3 e5 21.
Re3 Bf6 22. Rae1 Ke7 23. Rxe5+ Bxe5 24. Rxe5+ Kf6 25. f4 Rae8 26. Rd5 Ke7 27.
Re5+ Kf6 28. Rd5 Bc8 29. Rd6+ Ke7 30. Rc6 Kd7 31. Rf6 Re1+ 32. Kf2 Rhe8 33. Nf7
R8e2+ 34. Kf3 Bb7+ 35. Kg3 Rxg2+ 36. Kh3 Re3+ 37. Kh4 Rg4# 0-1

[Event "FIDE Open World Blitz 2021"]
[Site "Warsaw"]
[Date "2021.12.30"]
[Round "14.2"]
[White "Aronian, Levon"]
[Black "Erigaisi Arjun"]
[Result "1/2-1/2"]
[WhiteElo "2782"]
[BlackElo "2627"]
[Annotator "TA"]
[PlyCount "158"]
[EventDate "2021.12.29"]
[EventType "swiss"]
[EventCountry "POL"]
[Tiebreak "Cut1 Buchholz"]
[SourceTitle "playchess.com"]
[Source "ChessBase"]
[SourceQuality "1"]

1. d4 d5 2. Bf4 Nf6 3. e3 Bf5 4. Bd3 Bxd3 5. cxd3 c6 6. Nc3 e6 7. Nf3 Bd6 8.
Bxd6 Qxd6 9. Qb3 Qc7 10. e4 O-O 11. O-O Qb6 12. Qa3 Na6 13. Rab1 Qb4 14. Rfc1
Rac8 15. Kf1 Qxa3 16. bxa3 Rc7 17. a4 Rfc8 18. a5 Kf8 19. Ke2 Ke7 20. Rb2 Nd7
21. Rcb1 b6 22. axb6 axb6 23. a4 h6 24. h4 Ra7 25. Rc2 Rca8 26. exd5 exd5 27.
Ne5 Nab8 28. f4 Ra6 29. h5 Nf8 30. f5 f6 31. Ng6+ Nxg6 32. hxg6 Nd7 33. Kf3 Kd6
34. Re1 Nf8 35. Rec1 Kd7 36. Nxd5 cxd5 37. Rc7+ Kd8 38. Rxg7 R6a7 39. Rg8 Kd7
40. Rh1 Nxg6 41. fxg6 Ke6 42. Rxa8 Rxa8 43. Rxh6 Kf5 44. g7 Rg8 45. Rh5+ Ke6
46. Rh8 Rxg7 47. Rb8 Ra7 48. Rxb6+ Kf5 49. Rb4 Ra8 50. Rb5 Rxa4 51. Rxd5+ Ke6
52. Ke4 Ra2 53. g4 Re2+ 54. Kf3 Rd2 55. Ra5 Rxd3+ 56. Ke4 Rd1 57. Ra6+ Ke7 58.
Ra7+ Ke6 59. Ra6+ Ke7 60. Ra4 Ke6 61. Ra6+ Kf7 62. d5 Kg6 63. Ra8 Kf7 64. Ra7+
Kg6 65. Ra8 Kf7 66. Rh8 Rg1 67. Rh4 Rd1 68. Rh3 Rg1 69. Rh7+ Kg6 70. Rh4 Kg5
71. Rh8 Re1+ 72. Kd4 Kxg4 73. d6 Rd1+ 74. Kc5 f5 75. Rg8+ Kh4 76. Rf8 Kg4 77.
Kc6 f4 78. d7 f3 79. d8=Q Rxd8 1/2-1/2

[Event "FIDE Open World Blitz 2021"]
[Site "Warsaw"]
[Date "2021.12.30"]
[Round "14.2"]
[White "Movsesian, Sergei"]
[Black "Suleymanli, Aydin"]
[Result "0-1"]
[WhiteElo "2615"]
[BlackElo "2541"]
[Annotator "ChessBase"]
[PlyCount "126"]
[EventDate "2021.12.29"]
[EventType "swiss"]
[EventCountry "POL"]
[Tiebreak "Cut1 Buchholz"]
[SourceTitle "playchess.com"]
[Source "ChessBase"]
[SourceQuality "1"]

1. e4 c6 2. d4 d5 3. e5 Bf5 4. Nd2 e6 5. Nb3 Ne7 6. Nf3 Nd7 7. Be2 Nc8 8. O-O
Be7 9. a4 a5 10. Bd2 O-O 11. Rc1 Qb6 12. c4 dxc4 13. Bxc4 Qa7 14. Nxa5 Bg4 15.
b4 Bxf3 16. Qxf3 Qxd4 17. Bc3 Qb6 18. Rb1 Qc7 19. Qe4 Ncb6 20. Bd3 g6 21. Nc4
Nd5 22. Bd2 Rxa4 23. Bc2 Ra2 24. Rfc1 Rfa8 25. Bb3 R2a7 26. Qd4 Ra6 27. b5 cxb5
28. Nd6 Qd8 29. Nxb7 Qb6 30. Qxb6 Rxb6 31. Na5 Nxe5 32. f4 Ng4 33. h3 Ngf6 34.
Nc6 Ba3 35. Rc2 Rc8 36. Ne5 Rxc2 37. Bxc2 Bc5+ 38. Kf1 Bd6 39. Ra1 Rb8 40. Bd3
Bxe5 41. fxe5 Nd7 42. Rb1 Nxe5 43. Be2 b4 44. Rb3 Nc6 45. Bc4 Nd4 46. Rd3 Nc6
47. Rb3 h5 48. Rb1 Nc3 49. Rb2 Ne5 50. Ba6 Nd5 51. Ke2 Rb6 52. Bc8 Nc4 53. Rc2
Nxd2 54. Kxd2 Kg7 55. Ra2 Kf6 56. Rb2 Ke5 57. Kd3 Rc6 58. Bb7 Rc3+ 59. Ke2 b3
60. Ba6 Kd4 61. Rd2+ Kc5 62. Rb2 Rc2+ 63. Rxc2+ bxc2 0-1

[Event "FIDE Open World Blitz 2021"]
[Site "Warsaw"]
[Date "2021.12.30"]
[Round "14.3"]
[White "Dubov, Daniil"]
[Black "Amin, Bassem"]
[Result "1-0"]
[WhiteElo "2714"]
[BlackElo "2617"]
[Annotator "ChessBase"]
[PlyCount "52"]
[EventDate "2021.12.29"]
[EventType "swiss"]
[EventCountry "POL"]
[Tiebreak "Cut1 Buchholz"]
[SourceTitle "playchess.com"]
[Source "ChessBase"]
[SourceQuality "1"]

1. d4 Nf6 2. Nf3 g6 3. c4 Bg7 4. Nc3 O-O 5. Bg5 d6 6. e3 c5 7. d5 h6 8. Bh4 g5
9. Bg3 Nh5 10. Nd2 Qb6 11. Qc2 f5 12. Be2 Nxg3 13. hxg3 Nd7 14. f4 Nf6 15.
O-O-O e5 16. fxg5 hxg5 17. g4 e4 18. Rdf1 Nh7 19. gxf5 Bxf5 20. Rxf5 Rxf5 21.
Qxe4 Raf8 22. Bg4 Bxc3 23. bxc3 Qa5 24. Bxf5 Qxc3+ 25. Kb1 Nf6 26. Qe7 Qb4+ 1-0